[Event "10th Danzhou GM 2019"]
[Site "Danzhou CHN"]
[Date "2019.06.30"]
[Round "1"]
[White "Yu Yangyi"]
[Black "Vidit, S."]
[Result "1-0"]
[WhiteElo "2738"]
[BlackElo "2707"]
[PlyCount "75"]
[EventDate "2019.06.30"]

1. e4 e5 2. Nf3 Nc6 3. Bc4 Nf6 4. d3 Bc5 5. Bg5 Be7 6. a4 O-O 7. Nc3 d6 8. h3
Be6 9. Bxf6 Bxf6 10. Bxe6 fxe6 11. O-O d5 12. Qe2 Qd7 13. Nb1 a5 14. Nbd2 Rad8
15. Nb1 Ra8 16. Nbd2 Rad8 17. g3 Be7 18. Kg2 Bd6 19. h4 Qe8 20. c3 h6 21. Rh1
Qh5 22. Rae1 Bc5 23. Rhf1 Qg6 24. Nh2 Rf6 25. h5 Qh7 26. Ng4 Rf7 27. Nf3 Bd6
28. Nh4 Ne7 29. Qd1 d4 30. Qb3 dxc3 31. bxc3 Kh8 32. Qxe6 Qg8 33. Qc4 Qe8 34.
Rh1 Rf8 35. Qe6 Qc6 36. Ng6+ Nxg6 37. hxg6 Bc5 38. Rxh6+ 1-0

[Event "10th Danzhou GM 2019"]
[Site "Danzhou CHN"]
[Date "2019.06.30"]
[Round "1"]
[White "Amin, B."]
[Black "Inarkiev, E."]
[Result "0-1"]
[WhiteElo "2707"]
[BlackElo "2693"]
[PlyCount "108"]
[EventDate "2019.06.30"]

1. Nf3 d5 2. g3 Nf6 3. Bg2 g6 4. O-O Bg7 5. d3 O-O 6. Nbd2 c5 7. e4 Nc6 8. Re1
e5 9. exd5 Nxd5 10. c3 h6 11. Qb3 Nb6 12. Ne4 Be6 13. c4 Nd7 14. Be3 b6 15. Qa4
Qc7 16. Nc3 Rad8 17. Nb5 Qb7 18. Bd2 a6 19. Nc3 Rc8 20. a3 Rfd8 21. b4 b5 22.
cxb5 axb5 23. Qxb5 Qxb5 24. Nxb5 cxb4 25. axb4 e4 26. dxe4 Bxa1 27. Rxa1 g5 28.
Bc3 g4 29. Nh4 Nde5 30. Bf1 Rd7 31. Nf5 Bxf5 32. exf5 Nf3+ 33. Kg2 Ne7 34. Be2
Nxf5 35. Ra6 Rd5 36. Rb6 h5 37. h3 N5d4 38. Bxd4 Nxd4 39. Nxd4 Rxd4 40. hxg4
hxg4 41. b5 Rc2 42. Rb8+ Kg7 43. Re8 Rdd2 44. Bxg4 Rxf2+ 45. Kg1 Rg2+ 46. Kf1
Rh2 47. Kg1 Rcg2+ 48. Kf1 Rb2 49. Kg1 Rhg2+ 50. Kf1 Rxg3 51. Be2 f5 52. Kf2
Rgb3 53. Ke1 f4 54. Kd1 Re3 0-1

[Event "10th Danzhou GM 2019"]
[Site "Danzhou CHN"]
[Date "2019.07.01"]
[Round "2"]
[White "Artemiev, V."]
[Black "Inarkiev, E."]
[Result "1/2-1/2"]
[WhiteElo "2761"]
[BlackElo "2693"]
[PlyCount "144"]
[EventDate "2019.06.30"]

1. c4 e6 2. b3 d5 3. e3 d4 4. exd4 Nc6 5. Nf3 Nxd4 6. Nxd4 Qxd4 7. Nc3 Ne7 8.
Bb2 c5 9. Qf3 Qd7 10. O-O-O Nc6 11. Qg3 f6 12. Nb5 e5 13. f4 a6 14. Nc3 exf4
15. Qxf4 Bd6 16. Qe3+ Kf7 17. Be2 Nd4 18. Bh5+ g6 19. Rdf1 Nf5 20. Qf3 Be5 21.
Bg4 Rd8 22. Nd5 Qd6 23. Bxf5 Bxf5 24. g4 Bxb2+ 25. Kxb2 Qe5+ 26. Qc3 Qxc3+ 27.
Kxc3 Bxg4 28. Rxf6+ Kg7 29. Rb6 Bf3 30. Rxb7+ Kh6 31. Re1 Bxd5 32. cxd5 Rxd5
33. Ree7 Rh8 34. Ra7 Rd6 35. a4 Rf6 36. Re3 g5 37. Rc7 g4 38. h3 gxh3 39. Rxh3+
Kg6 40. Rg3+ Kh6 41. Rh3+ Kg6 42. Rg3+ Kf5 43. Rxc5+ Kf4 44. Rg1 Rd6 45. Rf1+
Kg4 46. Rc7 Kg3 47. Rg7+ Kh2 48. Rf4 Kh3 49. b4 h5 50. d4 Rc8+ 51. Kd3 Rdc6 52.
Rf3+ Kh4 53. Ke4 Rb6 54. Rf4+ Kh3 55. Rf1 Kh2 56. Rf5 h4 57. b5 axb5 58. axb5
Rc3 59. Rf2+ Kh3 60. Rf4 Rg3 61. Rh7 Rg4 62. d5 Rxb5 63. Rxg4 Kxg4 64. Rg7+ Kh5
65. d6 Rb1 66. d7 Rd1 67. Kf5 Kh6 68. Kf6 Rd6+ 69. Ke5 Rd1 70. Rf7 h3 71. Rf6+
Kg7 72. Rd6 Rxd6 1/2-1/2

[Event "10th Danzhou GM 2019"]
[Site "Danzhou CHN"]
[Date "2019.07.01"]
[Round "2"]
[White "Vidit, S."]
[Black "Amin, B."]
[Result "1/2-1/2"]
[WhiteElo "2707"]
[BlackElo "2707"]
[PlyCount "66"]
[EventDate "2019.06.30"]

1. d4 Nf6 2. c4 g6 3. Nc3 Bg7 4. e4 d6 5. f3 O-O 6. Be3 a6 7. Qd2 Nc6 8. Nge2
Rb8 9. Rc1 Bd7 10. Nd1 Re8 11. Nf2 b5 12. c5 dxc5 13. Rxc5 e5 14. d5 Ne7 15.
Rc1 c6 16. dxc6 Nxc6 17. Nd3 Qe7 18. Nc5 Red8 19. Nxa6 Rb7 20. a3 Be6 21. Qc3
Nd4 22. Qb4 Rd6 23. Nc5 Nc6 24. Qc3 b4 25. Qc2 Rb8 26. Nxe6 Qxe6 27. Ng3 bxa3
28. bxa3 Nd4 29. Qc7 Qb3 30. Rc3 Qb1+ 31. Rc1 Qb3 32. Rc3 Qb1+ 33. Rc1 Qb3
1/2-1/2

[Event "10th Danzhou GM 2019"]
[Site "Danzhou CHN"]
[Date "2019.07.01"]
[Round "2"]
[White "Wei Yi"]
[Black "Yu Yangyi"]
[Result "1/2-1/2"]
[WhiteElo "2741"]
[BlackElo "2738"]
[PlyCount "111"]
[EventDate "2019.06.30"]

1. e4 e5 2. Nf3 Nf6 3. Nxe5 d6 4. Nf3 Nxe4 5. Nc3 Nxc3 6. dxc3 Be7 7. Be3 O-O
8. Qd2 Nd7 9. O-O-O Nf6 10. Bd3 Re8 11. h4 d5 12. Bg5 h6 13. Bxf6 Bxf6 14. Qf4
Be6 15. g4 Qd6 16. Qxd6 cxd6 17. Rdg1 Kf8 18. Nd4 Bd7 19. g5 Bxd4 20. cxd4 h5
21. Kd2 g6 22. Re1 Rxe1 23. Rxe1 Re8 24. Rxe8+ Kxe8 25. f4 Bf5 26. Bxf5 gxf5
27. Kc3 Kd7 28. Kb4 Kc6 29. Ka5 Kc7 30. Kb5 Kd7 31. Ka5 Kc7 32. Kb5 Kd7 33. a3
Kc7 34. Ka5 Kc6 35. a4 Kd7 36. Kb4 Kc6 37. Ka5 Kd7 38. Kb5 Kc7 39. b3 Kd7 40.
a5 Kc8 41. a6 Kc7 42. Ka4 b6 43. Kb5 Kd7 44. c3 Kc7 45. c4 dxc4 46. bxc4 Kd7
47. c5 bxc5 48. dxc5 d5 49. c6+ Kd6 50. c7 Kxc7 51. Kc5 d4 52. Kxd4 Kd6 53. Kc4
Kc6 54. Kd4 Kd6 55. Kc4 Kc6 56. Kd4 1/2-1/2

[Event "10th Danzhou GM 2019"]
[Site "Danzhou CHN"]
[Date "2019.07.01"]
[Round "2"]
[White "Rapport, R."]
[Black "Wang Hao"]
[Result "1/2-1/2"]
[WhiteElo "2735"]
[BlackElo "2737"]
[PlyCount "67"]
[EventDate "2019.06.30"]

1. Nf3 d5 2. g3 Nf6 3. Bg2 e6 4. O-O Be7 5. c4 O-O 6. d4 dxc4 7. Qc2 a6 8. a4
Bd7 9. Bg5 Bc6 10. Qxc4 Bd5 11. Qc2 Be4 12. Qc1 h6 13. Bxf6 Bxf6 14. Rd1 a5 15.
Nbd2 Bxf3 16. Bxf3 c6 17. Nb3 Na6 18. h4 Qb6 19. Qc3 Rfd8 20. e3 Nb4 21. h5 Nd5
22. Qc4 e5 23. dxe5 Bxe5 24. Bxd5 Rxd5 25. Rxd5 cxd5 26. Qxd5 Bxg3 27. fxg3 Rd8
28. Qc4 Qxe3+ 29. Kg2 Rd3 30. Qc8+ Kh7 31. Qf5+ Kg8 32. Qc8+ Kh7 33. Qf5+ Kg8
34. Qc8+ 1/2-1/2

[Event "10th Danzhou GM 2019"]
[Site "Danzhou CHN"]
[Date "2019.07.02"]
[Round "3"]
[White "Wang Hao"]
[Black "Artemiev, V."]
[Result "1-0"]
[WhiteElo "2737"]
[BlackElo "2761"]
[PlyCount "152"]
[EventDate "2019.06.30"]

1. Nf3 d5 2. d4 Nf6 3. c4 c6 4. e3 Bf5 5. Nc3 e6 6. Nh4 Bg6 7. Be2 Nbd7 8. O-O
Bd6 9. g3 O-O 10. Nxg6 hxg6 11. b3 Qe7 12. Rb1 a5 13. Bb2 Ba3 14. Ba1 Rfd8 15.
Bf3 Bb4 16. Bg2 e5 17. cxd5 Bxc3 18. d6 Qxd6 19. Bxc3 e4 20. Qd2 Qd5 21. a4 Nf8
22. b4 axb4 23. Bxb4 c5 24. Ba5 Rd7 25. Rb5 Qd6 26. Bh3 Ne6 27. Rb6 Qd5 28.
Bxe6 fxe6 29. Rb5 Qc4 30. Rxc5 Qxa4 31. Bc7 Nd5 32. Be5 Rf7 33. Qe2 Raf8 34.
Bd6 Rd8 35. Be5 Rdf8 36. Bd6 Rd8 37. Bf4 Rf5 38. Qg4 b6 39. Rcc1 Nxf4 40. gxf4
Qe8 41. Rc7 Rf7 42. Rc2 Rc8 43. Rxc8 Qxc8 44. Qxg6 Qc6 45. Kh1 Rf6 46. Qg5 Rf5
47. Qg6 b5 48. Rg1 Qd7 49. Rb1 Qc6 50. Ra1 Rf6 51. Qg5 Rf5 52. Qg6 Rf6 53. Qh5
Rf5 54. Qd1 b4 55. Rc1 Qa6 56. Qc2 Rb5 57. Qxe4 b3 58. Rc6 Qa8 59. Qxe6+ Kh8
60. Qc8+ Qxc8 61. Rxc8+ Kh7 62. Rc1 Kg6 63. Kg2 b2 64. Rb1 Kf5 65. Kf3 Rb3 66.
Ke2 Ke4 67. Kd2 Rb8 68. Kc3 Rc8+ 69. Kxb2 Kd3 70. Rc1 Rb8+ 71. Ka3 Rb7 72. d5
Ke2 73. d6 Rd7 74. Rc6 Kxf2 75. e4 Ke3 76. e5 Kd4 1-0

[Event "10th Danzhou GM 2019"]
[Site "Danzhou CHN"]
[Date "2019.07.02"]
[Round "3"]
[White "Yu Yangyi"]
[Black "Rapport, R."]
[Result "1/2-1/2"]
[WhiteElo "2738"]
[BlackElo "2735"]
[PlyCount "68"]
[EventDate "2019.06.30"]

1. d4 Nf6 2. c4 e6 3. Nc3 Bb4 4. Qc2 O-O 5. Nf3 c5 6. dxc5 Na6 7. g3 Nxc5 8.
Bg2 Nfe4 9. O-O Bxc3 10. bxc3 b6 11. Ng5 d5 12. Nxe4 dxe4 13. Bxe4 Nxe4 14.
Qxe4 Ba6 15. Ba3 Re8 16. c5 Qd2 17. Rfe1 Qxc3 18. Bb4 Qc4 19. Qxc4 Bxc4 20.
cxb6 axb6 21. a3 b5 22. f3 f6 23. Kf2 Kf7 24. Red1 Red8 25. Rxd8 Rxd8 26. a4
bxa4 27. Rxa4 Rd7 28. Bc5 Bd5 29. Ra7 Rxa7 30. Bxa7 Ba8 31. Bc5 Bd5 32. Ba7 Ba8
33. Bc5 Bd5 34. Ba7 Ba8 1/2-1/2

[Event "10th Danzhou GM 2019"]
[Site "Danzhou CHN"]
[Date "2019.07.02"]
[Round "3"]
[White "Amin, B."]
[Black "Wei Yi"]
[Result "0-1"]
[WhiteElo "2707"]
[BlackElo "2741"]
[PlyCount "86"]
[EventDate "2019.06.30"]

1. Nf3 d5 2. g3 g6 3. Bg2 Bg7 4. d4 Nf6 5. O-O O-O 6. c4 c6 7. Qb3 a5 8. Bf4 a4
9. Qb4 dxc4 10. Qxc4 Qb6 11. Nc3 Be6 12. Qd3 Nd5 13. Bg5 f6 14. Bc1 Rd8 15. e4
Nb4 16. Qe2 Qa6 17. Qxa6 N8xa6 18. Rd1 Bg4 19. Rd2 Bh6 20. Rd1 Bg7 21. Rd2 c5
22. d5 c4 23. Ne1 Nc5 24. Rd4 Ncd3 25. Nxd3 Nxd3 26. Rxc4 a3 27. b3 f5 28. h3
Be2 29. Nxe2 Bxa1 30. exf5 b5 31. Re4 Nxc1 32. Nxc1 Rac8 33. Re1 gxf5 34. Nd3
Bd4 35. Rxe7 Rc2 36. Nb4 Rxf2 37. Nc6 Bc5 38. Re5 Rxa2+ 39. Kh2 Ra1 40. h4 Ra8
41. d6 Bxd6 42. Rd5 a2 43. Rxd6 Re1 0-1

[Event "10th Danzhou GM 2019"]
[Site "Danzhou CHN"]
[Date "2019.07.02"]
[Round "3"]
[White "Inarkiev, E."]
[Black "Vidit, S."]
[Result "0-1"]
[WhiteElo "2693"]
[BlackElo "2707"]
[PlyCount "72"]
[EventDate "2019.06.30"]

1. e4 c5 2. Nf3 d6 3. d4 cxd4 4. Nxd4 Nf6 5. Nc3 a6 6. Be3 e5 7. Nb3 Be6 8. Qd2
Nbd7 9. f3 h5 10. O-O-O Be7 11. Bg5 b5 12. h4 Rc8 13. Kb1 O-O 14. a3 Re8 15.
Be2 Qb6 16. Rhg1 Bf8 17. Nc1 Rc7 18. N1a2 Rec8 19. Rc1 Qb7 20. Rgd1 Rc5 21. Be3
R5c7 22. Bg5 Nh7 23. Be3 Nb6 24. g4 hxg4 25. fxg4 Bxa2+ 26. Nxa2 Nc4 27. Qd3 d5
28. g5 dxe4 29. Qb3 a5 30. Bg1 a4 31. Qg3 b4 32. axb4 Nxb2 33. Ba6 Qxa6 34.
Kxb2 Qe2 35. Kb1 Rxc2 36. Qf2 Rb2+ 0-1

[Event "Croatia GCT 2019"]
[Site "Zagreb CRO"]
[Date "2019.07.03"]
[Round "7"]
[White "Karjakin, Sergey"]
[Black "So, W."]
[Result "1/2-1/2"]
[WhiteElo "2748"]
[BlackElo "2754"]
[PlyCount "60"]
[EventDate "2019.06.26"]

1. e4 e5 2. Nf3 Nc6 3. Bb5 Nf6 4. O-O Nxe4 5. Re1 Nd6 6. a4 Be7 7. Nc3 a6 8.
Bf1 e4 9. Nxe4 Nxe4 10. Rxe4 d5 11. Re1 d4 12. Bd3 O-O 13. Be4 Be6 14. d3 Bd5
15. Bf4 Bxe4 16. Rxe4 f5 17. Re2 g5 18. Bd2 g4 19. Ne5 Nxe5 20. Rxe5 Bd6 21.
Re2 Qf6 22. c3 Rae8 23. g3 dxc3 24. Bxc3 Qf7 25. Rxe8 Rxe8 26. Qd2 Qe6 27. Qg5+
Qg6 28. Qd2 Qe6 29. Qg5+ Qg6 30. Qd2 Qe6 1/2-1/2

[Event "Croatia GCT 2019"]
[Site "Zagreb CRO"]
[Date "2019.07.03"]
[Round "7"]
[White "Caruana, F."]
[Black "Giri, A."]
[Result "1/2-1/2"]
[WhiteElo "2819"]
[BlackElo "2779"]
[PlyCount "107"]
[EventDate "2019.06.26"]

1. c4 c6 2. d4 d5 3. Nf3 Nf6 4. g3 g6 5. Bg2 Bg7 6. O-O O-O 7. Nbd2 a5 8. b3
Bf5 9. e3 a4 10. Ba3 Nbd7 11. cxd5 Nxd5 12. Qc1 Nc7 13. Nc4 Nb5 14. Bb2 Be4 15.
b4 Nb6 16. Nxb6 Qxb6 17. a3 Qd8 18. Nd2 Bxg2 19. Kxg2 Qd5+ 20. Kg1 Nd6 21. Qc2
e5 22. e4 Qe6 23. dxe5 Bxe5 24. Bxe5 Qxe5 25. Rae1 Nb5 26. Nf3 Qc3 27. Qxc3
Nxc3 28. Re3 Nb5 29. Ne5 Rfd8 30. Nc4 Rd4 31. Rc1 Nd6 32. Nxd6 Rxd6 33. Rc5
Rad8 34. b5 cxb5 35. Rxb5 Rd3 36. Rxd3 Rxd3 37. Rxb7 Rxa3 38. Ra7 g5 39. Kg2
Kg7 40. e5 Kg6 41. Ra6+ Kg7 42. h4 gxh4 43. gxh4 h5 44. f4 f5 45. exf6+ Kf7 46.
Ra5 Kxf6 47. Rxh5 Rb3 48. Ra5 a3 49. h5 Kg7 50. Ra6 Kh7 51. Kf2 Rh3 52. Kg2 Rb3
53. Kf2 Rh3 54. Kg2 1/2-1/2

[Event "Croatia GCT 2019"]
[Site "Zagreb CRO"]
[Date "2019.07.03"]
[Round "7"]
[White "Nakamura, Hi"]
[Black "Aronian, L."]
[Result "1/2-1/2"]
[WhiteElo "2754"]
[BlackElo "2752"]
[PlyCount "61"]
[EventDate "2019.06.26"]

1. e4 e5 2. Nf3 Nc6 3. Bb5 Nf6 4. d3 Bc5 5. Nbd2 Nd4 6. Nxd4 Bxd4 7. c3 Bb6 8.
d4 c6 9. dxe5 cxb5 10. exf6 Qxf6 11. O-O O-O 12. Nf3 d6 13. Re1 Bg4 14. Be3 b4
15. Bxb6 axb6 16. Qd4 Bxf3 17. Qxf6 gxf6 18. gxf3 bxc3 19. bxc3 Rfc8 20. Reb1
Rxc3 21. Rxb6 Rxf3 22. Rxb7 f5 23. exf5 Ra4 24. Rb5 Kg7 25. Rd5 Rfa3 26. Rxd6
Rxa2 27. Rxa2 Rxa2 28. Rd3 h5 29. Rb3 Ra5 30. Rc3 Rxf5 31. Rb3 1/2-1/2

[Event "Croatia GCT 2019"]
[Site "Zagreb CRO"]
[Date "2019.07.03"]
[Round "7"]
[White "Anand, V."]
[Black "Ding Liren"]
[Result "1/2-1/2"]
[WhiteElo "2767"]
[BlackElo "2805"]
[PlyCount "53"]
[EventDate "2019.06.26"]

1. e4 e5 2. Nf3 Nc6 3. Bb5 a6 4. Ba4 Nf6 5. O-O Be7 6. Re1 b5 7. Bb3 O-O 8. a4
b4 9. d4 d6 10. dxe5 Nxe5 11. Nxe5 dxe5 12. Nd2 Bc5 13. h3 a5 14. Qf3 Qe7 15.
Nc4 Be6 16. Be3 Nd7 17. Rad1 Rfd8 18. Rd2 Bxc4 19. Bxc4 Bxe3 20. Qxe3 Nb6 21.
Rxd8+ Rxd8 22. Bb3 Rd4 23. Qe2 Qc5 24. Qf3 Qe7 25. Qe2 Qc5 26. Qf3 Qe7 27. Qe2
1/2-1/2

[Event "Croatia GCT 2019"]
[Site "Zagreb CRO"]
[Date "2019.07.03"]
[Round "7"]
[White "Mamedyarov, S."]
[Black "Vachier Lagrave, M."]
[Result "1/2-1/2"]
[WhiteElo "2774"]
[BlackElo "2779"]
[PlyCount "54"]
[EventDate "2019.06.26"]

1. d4 Nf6 2. c4 g6 3. Nf3 Bg7 4. e3 O-O 5. Be2 c5 6. dxc5 Ne4 7. Nd4 Nc6 8. O-O
Nxc5 9. Nc3 d6 10. b3 Ne6 11. Nxe6 Bxe6 12. Bb2 d5 13. cxd5 Bxd5 14. Qc1 Be6
15. Na4 Bxb2 16. Qxb2 Qa5 17. Rfc1 Rad8 18. Rc5 Rd2 19. Rxa5 Rxb2 20. Nxb2 Nxa5
21. Kf1 Rc8 22. Ke1 Kg7 23. Rd1 Rc2 24. Rd2 Rc1+ 25. Rd1 Rc2 26. Rd2 Rc1+ 27.
Rd1 Rc2 1/2-1/2

[Event "Croatia GCT 2019"]
[Site "Zagreb CRO"]
[Date "2019.07.04"]
[Round "8"]
[White "So, W."]
[Black "Nakamura, Hi"]
[Result "1-0"]
[WhiteElo "2754"]
[BlackElo "2754"]
[PlyCount "109"]
[EventDate "2019.06.26"]

1. e4 e5 2. Nf3 Nc6 3. Bb5 Nf6 4. O-O Nxe4 5. Re1 Nd6 6. Nxe5 Be7 7. Bf1 Nf5 8.
Nf3 d5 9. d4 O-O 10. Nc3 Nh4 11. Nxh4 Bxh4 12. Bb5 Ne7 13. Bd3 Bf6 14. Qh5 g6
15. Qf3 Bg7 16. Bg5 f6 17. Bd2 c6 18. Ne2 Nf5 19. g3 Nh6 20. c4 Bg4 21. Qg2
dxc4 22. Bxc4+ Kh8 23. d5 Nf7 24. Nf4 Ne5 25. Be2 Bd7 26. Rad1 cxd5 27. Bc3 Bc6
28. Nxd5 f5 29. f4 Nd7 30. Bxg7+ Kxg7 31. Bf3 Nf6 32. Nxf6 Qxf6 33. Bxc6 bxc6
34. Rd7+ Rf7 35. Qd2 Rxd7 36. Qxd7+ Kf8 37. Re5 Rd8 38. Qxh7 Re8 39. Qh6+ Kf7
40. Qh7+ Kf8 41. Qc7 Rxe5 42. Qxe5 Qxe5 43. fxe5 Kf7 44. h4 Ke6 45. Kf2 Kxe5
46. Kf3 c5 47. b3 Ke6 48. Kf4 Kf6 49. a3 a6 50. b4 c4 51. a4 Ke6 52. Ke3 Kd5
53. Kd2 Kd4 54. Kc2 c3 55. b5 1-0

[Event "Croatia GCT 2019"]
[Site "Zagreb CRO"]
[Date "2019.07.04"]
[Round "8"]
[White "Aronian, L."]
[Black "Nepomniachtchi, I."]
[Result "1/2-1/2"]
[WhiteElo "2752"]
[BlackElo "2775"]
[PlyCount "54"]
[EventDate "2019.06.26"]

1. d4 Nf6 2. c4 g6 3. Nc3 d5 4. Nf3 Bg7 5. Bg5 Ne4 6. Bf4 Nxc3 7. bxc3 c6 8. e3
O-O 9. Qb3 b6 10. Be2 Ba6 11. a4 e6 12. O-O Nd7 13. Rfc1 Qe7 14. Bf1 Bxc4 15.
Bxc4 dxc4 16. Qxc4 e5 17. dxe5 Nxe5 18. Bxe5 Bxe5 19. a5 Rac8 20. Qa6 Bc7 21.
Kf1 bxa5 22. Qxa7 Ra8 23. Qd4 Qe6 24. Qc5 Qe4 25. Qd4 Qe6 26. Qc5 Qe4 27. Qd4
Qe6 1/2-1/2

[Event "Croatia GCT 2019"]
[Site "Zagreb CRO"]
[Date "2019.07.04"]
[Round "8"]
[White "Anand, V."]
[Black "Caruana, F."]
[Result "1/2-1/2"]
[WhiteElo "2767"]
[BlackElo "2819"]
[PlyCount "108"]
[EventDate "2019.06.26"]

1. e4 c5 2. Nf3 d6 3. Bb5+ Bd7 4. Bxd7+ Qxd7 5. c4 e5 6. Nc3 Nc6 7. d3 g6 8. h4
Nf6 9. Nd5 Nxd5 10. cxd5 Nb4 11. a3 Na6 12. h5 Bg7 13. Be3 f5 14. hxg6 hxg6 15.
Rxh8+ Bxh8 16. Bg5 c4 17. dxc4 Nc5 18. Nd2 Qh7 19. Qe2 Qh2 20. Be3 Nd7 21. Nf1
Qxg2 22. exf5 Rc8 23. Ng3 Qg1+ 24. Qf1 Qxf1+ 25. Kxf1 Rxc4 26. fxg6 Rg4 27. Rc1
Kd8 28. Bxa7 e4 29. Rc2 Be5 30. Nf5 Rxg6 31. Be3 Nf6 32. Bb6+ Ke8 33. Rc8+ Kf7
34. Rc7+ Kf8 35. Rxb7 Nxd5 36. Ne3 Nf4 37. Nc4 Rh6 38. Ke1 Nd3+ 39. Kd2 Bf4+
40. Be3 Bxe3+ 41. fxe3 d5 42. Nb6 Nxb2 43. Nxd5 Nc4+ 44. Kc3 Nxa3 45. Rb3 Rc6+
46. Kd4 Nc2+ 47. Ke5 Nxe3 48. Nxe3 Rc5+ 49. Kd6 Ra5 50. Rb7 Ra3 51. Nc4 Ra6+
52. Ke5 e3 53. Nxe3 Ra1 54. Nd5 Re1+ 1/2-1/2

[Event "Croatia GCT 2019"]
[Site "Zagreb CRO"]
[Date "2019.07.04"]
[Round "8"]
[White "Giri, A."]
[Black "Mamedyarov, S."]
[Result "1-0"]
[WhiteElo "2779"]
[BlackElo "2774"]
[PlyCount "61"]
[EventDate "2019.06.26"]

1. Nf3 c5 2. e4 Nc6 3. Bb5 d6 4. O-O Bd7 5. c3 Nf6 6. Re1 a6 7. Bf1 Bg4 8. d4
cxd4 9. cxd4 d5 10. exd5 Nxd5 11. Nc3 e6 12. h3 Bh5 13. g4 Bg6 14. Nxd5 Qxd5
15. Bg2 O-O-O 16. Ne5 Qxd4 17. Qf3 Rd5 18. Nxf7 Rg8 19. Ng5 Bd6 20. Nxe6 Qb4
21. Be3 Re5 22. a3 Qxb2 23. Rac1 Rxe6 24. Rxc6+ Kd7 25. Rxa6 Rb8 26. Ra7 Be4
27. Qf7+ Re7 28. Qc4 Rc8 29. Qa4+ Bc6 30. Bxc6+ Rxc6 31. Rc1 1-0

[Event "Croatia GCT 2019"]
[Site "Zagreb CRO"]
[Date "2019.07.04"]
[Round "8"]
[White "Vachier Lagrave, M."]
[Black "Karjakin, Sergey"]
[Result "1/2-1/2"]
[WhiteElo "2779"]
[BlackElo "2748"]
[PlyCount "71"]
[EventDate "2019.06.26"]

1. e4 e5 2. Nf3 Nc6 3. Bb5 Nf6 4. O-O Nxe4 5. d4 Nd6 6. Bxc6 dxc6 7. dxe5 Nf5
8. Qxd8+ Kxd8 9. h3 Be7 10. Nc3 h5 11. Bf4 Be6 12. Rad1+ Kc8 13. a3 b6 14. Bg5
Re8 15. Bxe7 Rxe7 16. Rfe1 Kb7 17. Ne2 g6 18. Nf4 Ng7 19. Ng5 Bf5 20. Re2 Rae8
21. g3 a5 22. c3 a4 23. f3 Be6 24. Nfxe6 Nxe6 25. Nxe6 Rxe6 26. f4 c5 27. Kf2
f6 28. Rde1 Rd8 29. exf6 Rxf6 30. Re6 Rxe6 31. Rxe6 Rd2+ 32. Re2 Rd3 33. Re3
Rd2+ 34. Re2 Rd3 35. Re3 Rd2+ 36. Re2 1/2-1/2

[Event "10th Danzhou GM 2019"]
[Site "Danzhou CHN"]
[Date "2019.07.03"]
[Round "4"]
[White "Artemiev, V."]
[Black "Vidit, S."]
[Result "1-0"]
[WhiteElo "2761"]
[BlackElo "2707"]
[PlyCount "107"]
[EventDate "2019.06.30"]

1. c4 c5 2. g3 g6 3. Bg2 Bg7 4. Nc3 Nc6 5. Nf3 e6 6. d4 cxd4 7. Nb5 d5 8. cxd5
exd5 9. O-O Nge7 10. Nbxd4 O-O 11. b3 Nf5 12. Nxc6 bxc6 13. Rb1 Qa5 14. Bb2
Qxa2 15. Bxg7 Kxg7 16. g4 Ne7 17. Qd4+ f6 18. Qc5 Ng8 19. Qxc6 Bxg4 20. Nd4 Qa5
21. h3 Bf5 22. Ra1 Qb6 23. Nxf5+ gxf5 24. Qxd5 Rae8 25. Qxf5 Re5 26. Qf3 Rfe8
27. e3 a5 28. Rab1 Ne7 29. Rfd1 Ng6 30. Rd4 f5 31. Rd7+ R8e7 32. Rxe7+ Nxe7 33.
Qg3+ Ng6 34. h4 h5 35. Rc1 Qf6 36. Rc7+ Re7 37. Rc6 Re6 38. Rxe6 Qxe6 39. Qc7+
Kh6 40. Qxa5 Nxh4 41. Qd5 Qe7 42. Bh1 f4 43. Be4 fxe3 44. fxe3 Qg7+ 45. Kf2
Qb2+ 46. Ke1 Qc1+ 47. Ke2 Qb2+ 48. Qd2 Qe5 49. Qd4 Qe7 50. Bd3 Ng2 51. Qe4 Qf6
52. Qxg2 Qb2+ 53. Kf1 Qc1+ 54. Kf2 1-0

[Event "10th Danzhou GM 2019"]
[Site "Danzhou CHN"]
[Date "2019.07.03"]
[Round "4"]
[White "Wei Yi"]
[Black "Inarkiev, E."]
[Result "1/2-1/2"]
[WhiteElo "2741"]
[BlackElo "2693"]
[PlyCount "69"]
[EventDate "2019.06.30"]

1. d4 Nf6 2. c4 e6 3. Nc3 Bb4 4. Nf3 c5 5. g3 Nc6 6. Bg2 Ne4 7. Bd2 Bxc3 8.
bxc3 O-O 9. O-O d6 10. Be3 Qe7 11. Qd3 Nf6 12. Nd2 e5 13. dxc5 dxc5 14. Bg5 h6
15. Bxf6 Qxf6 16. Qe3 Qe7 17. Nb3 Bg4 18. Nxc5 Na5 19. Nd3 Rfe8 20. Bd5 Rac8
21. Qe4 Be6 22. Rab1 b6 23. Rb4 Bxd5 24. cxd5 Rxc3 25. f4 exf4 26. Rxf4 Nb7 27.
Qxe7 Rxe7 28. Rfe4 Kf8 29. Rec4 Rxc4 30. Rxc4 Rxe2 31. Rc8+ Re8 32. Rc7 Re7 33.
Rc8+ Re8 34. Rc7 Re7 35. Rc8+ 1/2-1/2

[Event "10th Danzhou GM 2019"]
[Site "Danzhou CHN"]
[Date "2019.07.03"]
[Round "4"]
[White "Rapport, R."]
[Black "Amin, B."]
[Result "1-0"]
[WhiteElo "2735"]
[BlackElo "2707"]
[PlyCount "87"]
[EventDate "2019.06.30"]

1. Nf3 Nf6 2. g3 g6 3. Bg2 Bg7 4. d4 O-O 5. O-O d5 6. c4 c6 7. Qb3 a5 8. cxd5
a4 9. Qd1 cxd5 10. Nc3 Ne4 11. Ng5 Nxc3 12. bxc3 Nc6 13. e4 dxe4 14. Nxe4 Qa5
15. Bd2 Rd8 16. Rb1 b6 17. Re1 Bd7 18. h3 Rac8 19. Qe2 Be6 20. Be3 Bd5 21. Rb5
Qa7 22. Nd6 Rxd6 23. Rxd5 Rxd5 24. Bxd5 e6 25. Bg2 Na5 26. d5 exd5 27. Bxd5 Qd7
28. Qg4 Qxg4 29. hxg4 b5 30. Bf4 Bf8 31. g5 Nc4 32. Bb7 Rd8 33. Bc6 Na3 34. Kg2
b4 35. cxb4 Nc2 36. Rb1 Nxb4 37. Bxa4 Nxa2 38. Rb7 Nc3 39. Bb3 Nd5 40. Bd2 Bg7
41. Bxd5 Rxd5 42. Rb8+ Bf8 43. Bb4 Rxg5 44. Bxf8 1-0

[Event "10th Danzhou GM 2019"]
[Site "Danzhou CHN"]
[Date "2019.07.03"]
[Round "4"]
[White "Wang Hao"]
[Black "Yu Yangyi"]
[Result "1/2-1/2"]
[WhiteElo "2737"]
[BlackElo "2738"]
[PlyCount "83"]
[EventDate "2019.06.30"]

1. Nf3 d5 2. g3 c5 3. Bg2 Nc6 4. d4 e6 5. O-O Nf6 6. c4 dxc4 7. dxc5 Qxd1 8.
Rxd1 Bxc5 9. Nbd2 c3 10. bxc3 O-O 11. Nb3 Be7 12. Nfd4 Nxd4 13. cxd4 Nd5 14.
Na5 Bd7 15. Nxb7 Ba4 16. Rf1 Rfc8 17. e4 Nc3 18. Re1 Bc6 19. Nc5 Bb5 20. Bf3
Bxc5 21. dxc5 Rxc5 22. Be3 Rc4 23. e5 Bc6 24. Bxc6 Rxc6 25. Rac1 Rac8 26. Rc2
a5 27. Rec1 Ne2+ 28. Rxe2 Rxc1+ 29. Bxc1 Rxc1+ 30. Kg2 Rc3 31. Re3 Rxe3 32.
fxe3 Kf8 33. Kf3 Ke7 34. Ke4 Kd7 35. Kd4 Kc6 36. Kc4 Kb6 37. g4 g5 38. h3 h6
39. a4 Kc6 40. Kd4 Kb6 41. Kc4 Kc6 42. Kd4 1/2-1/2

[Event "10th Danzhou GM 2019"]
[Site "Danzhou CHN"]
[Date "2019.07.05"]
[Round "5"]
[White "Yu Yangyi"]
[Black "Artemiev, V."]
[Result "1/2-1/2"]
[WhiteElo "2738"]
[BlackElo "2761"]
[PlyCount "115"]
[EventDate "2019.06.30"]

1. d4 d5 2. c4 c6 3. Nf3 Nf6 4. Nc3 a6 5. cxd5 cxd5 6. Bg5 Ne4 7. Bh4 Nc6 8. e3
Nxc3 9. bxc3 g6 10. Be2 Bg7 11. O-O O-O 12. c4 dxc4 13. Bxc4 b5 14. Be2 Bb7 15.
Rc1 Qd7 16. a4 Na7 17. Ne5 Bxe5 18. dxe5 Rfd8 19. Qxd7 Rxd7 20. axb5 Nxb5 21.
Rc5 Kf8 22. Rfc1 Rd5 23. Rxd5 Bxd5 24. f3 h6 25. Be1 Be6 26. Rc6 Rc8 27. Rxa6
Rc1 28. Kf2 Nc3 29. Ra8+ Kg7 30. Ra7 Kf8 31. Bd3 Nd1+ 32. Ke2 Nc3+ 33. Kf2 Nd1+
34. Ke2 Nc3+ 35. Bxc3 Rxc3 36. Kd2 Rb3 37. Kc2 Rb8 38. Be4 Rb5 39. f4 Bd5 40.
Bxd5 Rc5+ 41. Kd3 Rxd5+ 42. Ke2 h5 43. h3 e6 44. g4 hxg4 45. hxg4 Rb5 46. Kf3
Rb1 47. Ra2 Kg7 48. Rg2 Kf8 49. Re2 Kg7 50. e4 g5 51. fxg5 Kg6 52. Rh2 Kxg5 53.
Rh5+ Kg6 54. Rh8 Rf1+ 55. Kg3 Re1 56. Kf3 Rf1+ 57. Kg3 Re1 58. Kf3 1/2-1/2

[Event "10th Danzhou GM 2019"]
[Site "Danzhou CHN"]
[Date "2019.07.05"]
[Round "5"]
[White "Amin, B."]
[Black "Wang Hao"]
[Result "1/2-1/2"]
[WhiteElo "2707"]
[BlackElo "2737"]
[PlyCount "109"]
[EventDate "2019.06.30"]

1. e4 c5 2. Nf3 Nc6 3. Bb5 g6 4. Bxc6 dxc6 5. d3 Bg7 6. h3 Nf6 7. Nc3 Nd7 8.
Be3 e5 9. Qd2 h6 10. Nh2 b6 11. O-O Nf8 12. f4 exf4 13. Bxf4 Ne6 14. Bg3 Qg5
15. Qe1 Nd4 16. Qf2 O-O 17. Bd6 Bxh3 18. Bf4 Qxg2+ 19. Qxg2 Bxg2 20. Kxg2 Nxc2
21. Rad1 Rad8 22. Rf2 Nb4 23. Rfd2 f5 24. Bg3 fxe4 25. dxe4 Rxd2+ 26. Rxd2 c4
27. Rd6 Rf6 28. Rd8+ Rf8 29. Rd6 Rf6 30. Rd8+ Rf8 31. Rxf8+ Bxf8 32. Nf3 Bg7
33. Ne5 Bxe5 34. Bxe5 Nd3 35. Bb8 Nxb2 36. Bxa7 b5 37. Ne2 b4 38. Kf3 Nd3 39.
Ke3 c5 40. Kd2 Kf7 41. Nc1 Nxc1 42. Kxc1 Ke6 43. Bxc5 Ke5 44. Bxb4 Kxe4 45. Kc2
Kd5 46. Bd2 h5 47. a4 Kc6 48. Kc3 Kb7 49. Kxc4 h4 50. Bf4 h3 51. Kd5 Ka6 52.
Ke5 Ka5 53. Kf6 Kxa4 54. Kxg6 h2 55. Bxh2 1/2-1/2